000 00451nam a22001577a 4500
005 20240108114937.0
008 190405b xxu||||| |||| 00| 0 eng d
020 _a978-93-87397-83-5
041 _aeng
100 _aBHAGAT, BISWAS .,NARKHEDE,DR. SACHIN.,KARDILE,DIPAK AND SHANKAR,DR.S.J
_98290
245 _aA TEXTBOOK OF COMPUTER APPLICATION IN PHARMACY
260 _aPUNE
_bNIRALI PRAKASHAN
300 _a7.12p,
650 _aPHARMACY
942 _cBK
999 _c5815
_d5813